Online Catalogue and eLibrary

Fundamental feminism : (Record no. 43)

MARC details
000 -LEADER
fixed length control field 00614cam a2200205 a 4500
001 - CONTROL NUMBER
control field 2523134
005 - DATE AND TIME OF LATEST TRANSACTION
control field 20231120045825.0
008 - FIXED-LENGTH DATA ELEMENTS--GENERAL INFORMATION
fixed length control field 930331s1993 nyu b 001 0 eng
020 ## - INTERNATIONAL STANDARD BOOK NUMBER
ISBN 0415908264 :
020 ## - INTERNATIONAL STANDARD BOOK NUMBER
ISBN 0415908256 :
040 ## - CATALOGING SOURCE (பட்டியலாக்க மூலம்)
Original cataloging agency DLC
Transcribing agency DLC
Modifying agency DLC
082 00 - DDC Classification
Class No. 305.42/01
DDC Edition Number 20
Item Number - Author Mark JUD
100 1# - MAIN ENTRY--PERSONAL NAME
Personal name Grant, Judith,
245 10 - TITLE STATEMENT
Title Fundamental feminism :
Remainder of title contesting the core concepts of feminist theory /
Statement of responsibility, etc. Judith Grant.
260 ## - PUBLICATION, DISTRIBUTION, ETC.
Place of publication, distribution, etc. New York :
Name of publisher, distributor, etc. Routledge,
Date of publication, distribution, etc. 1993.
300 ## - PHYSICAL DESCRIPTION
Extent (e.g. Volumes, Pages etc.) xi, 226 p. ;
650 #0 - SUBJECT ADDED ENTRY--TOPICAL TERM
Topical term or geographic name entry element Feminist theory.
856 42 - ELECTRONIC LOCATION AND ACCESS
Uniform Resource Identifier <a href="http://www.loc.gov/catdir/enhancements/fy0651/93017451-d.html">http://www.loc.gov/catdir/enhancements/fy0651/93017451-d.html</a>
942 ## - Koha item type (Biblio)
Koha item type Books in Stacks (Lending)
Holdings
Lost status Damaged status Collection code Home library Current library Date acquired Full call number Accession Number Item type
    Lending WERC Library WERC Library 11/20/2023 305.42/01 JUD 3732 Books in Stacks (Lending)

© WERC Library